Statistics for Anatomy of the Retina on a Map

Click here to take the quiz!

General Stats

  • This quiz has been taken 36 times
  • The average score is 4 of 10

Answers on the Map

Answers color-coded by a green-red scale on the quiz's map according to % correct below.
 

Answer Stats

Answer% Correct
Rod
90%
Cone
86%
Optic Nerve
31%
Ganglion Cell
28%
Müller Cell
24%
Choroid
21%
Horizontal Cell
21%
Amacrine Cell
17%
Bipolar Cell
17%
Retinal Pigment Epithelium
17%

Score Distribution

Percentile by Number Answered

Percent of People with Each Score

Your Score History

You have not taken this quiz